Remontées mécaniques des 3 Vallées - Statistiques

Statistiques générales
  • Ce quiz a été pris 152 fois
  • Le résultat moyen est 35 sur 91
Statistiques - réponses
Type de RM Réponse % Correct
Téléphérique Saulire
74%
Téléphérique Cime Caron
68%
Télécabine Orelle
68%
Télécabine Caron
67%
Funitel Péclet
63%
Téléphérique Trois Vallées
61%
Télésiège Trois Vallées
61%
Télésiège Plein Sud
58%
Télésiège Mont de la Chambre
54%
Télésiège Legends
51%
Télésiège Rosael
51%
Funitel Thorens
51%
Télécabine Pointe de la Masse
49%
Télésiège Loze
47%
Télécabine Mont Vallon
47%
Télécabine Pas du Lac
46%
Télésiège Suisses
46%
Télécabine Tania
46%
Télésiège Boismint
44%
Télécabine Cairn
44%
Télécabine Plattieres
44%
Télécabine Praz
44%
Télécabine Rhodos
44%
Télécabine Roc 1
44%
Télécabine Saulire Express
44%
Télésiège Tougnete 2
44%
Télésiège Bouquetin
43%
Télésiège Combes
43%
Télécabine Jardin Alpin
43%
Télésiège Ménuires
43%
Télésiège Plan des Mains
43%
Télésiège Roc 2
43%
Télésiège Aiguille du Fruit
42%
Télésiège Marmottes
42%
Télécabine Tougnete 1
42%
Télésiège Altiport
40%
Télécabine Deux Lacs
40%
Télésiège Forêt
40%
Funitel Grand Fond
40%
Télésiège Lac Blanc
40%
Télécabine Moraine
40%
Télésiège Sunny Express
40%
Télécabine Verdons
40%
Télécabine Vizelle
40%
Télécabine Cote Brune
39%
Télésiège Granges
39%
Télécabine Masse 1
39%
Télésiège Pionniers
39%
Télécabine Chenus
38%
Télésiège Doron
38%
Télésiège Reberty
38%
Télésiège Bouchet
36%
Télécabine Bruyères
36%
Télécabine Saint Martin 1
36%
Télésiège Saint Martin 2
36%
Télésiège Biollay
35%
Télésiège Cascade
35%
Télésiège Moutiere
35%
Télécabine Orelle - Caron
35%
Télésiège Chanrossa
33%
Télésiège Chatelet
33%
Télésiège Signal
33%
Télécabine Ariondaz
32%
Télésiège Becca
32%
Télésiège Olympic
32%
Télésiège Plan de l'Eau
32%
Télésiège Cherferie
31%
Télésiège Dent de Burgin
31%
Télésiège Dou des Lanches
31%
Télésiège Golf
31%
Télésiège Roc Mugnier
31%
Télésiège Chapelets
29%
Télésiège Pralong
29%
Télésiège Bettex
28%
Télécabine Olympe
28%
Télésiège Portette
28%
Télésiège Roc de Tougne
28%
Télésiège Roc Merlet
26%
Télésiège Tovets
26%
Télésiège Morel
24%
Télésiège Adret
22%
Télésiège Bouc Blanc
22%
Télésiège Peyron
22%
Télésiège Mures Rouges
21%
Télésiège Plantrey
21%
Télécabine Petit Moriond
19%
Télépulsé Chalets
18%
Télécabine Grangettes
18%
Télésiège Tortollet
15%
Télépulsé Croisette
14%
Télésiège Grandes Combes
8%
Aucun quiz correspondant
Distribution des résultats
% des personnes avec chaque résultat
Percentile par nombre de réponses
Votre historique - résultats
Vous n’avez pas pris ce quiz